| 000 | 01047nas a2200337 4500 | ||
|---|---|---|---|
| 001 | BR2015002218 | ||
| 003 | BR-BrBNA | ||
| 005 | 20231205125224.0 | ||
| 007 | ta | ||
| 008 | 230509b bl.|||p| |||| 00| 00por d | ||
| 040 |
_aBR-BrBNA _bpor _cBiblioteca Nacional de Agricultura |
||
| 041 | _a(En) | ||
| 072 | _aQ02 | ||
| 100 | 1 | _aDebien, I.C. do N. | |
| 100 | 1 | _aGomes, M.T. de M.S. | |
| 100 | 1 | _aOngaratto, R.S. | |
| 100 | 1 | _aViotto, L.A. | |
| 245 | 1 | _aUltrafiltration performance of PVDF, PES, and cellulose membranes for the treatment of coconut water (Cocos nucifera L.) | |
| 650 | _aAGUA DE COCO | ||
| 650 | _aCOCOS NUCIFERA | ||
| 650 | _aTRATAMENTO | ||
| 650 | _aENZIMA | ||
| 650 | _aPEROXIDASE | ||
| 650 | _aCELULOSE | ||
| 650 | _aMEMBRANA | ||
| 650 | _aCOR | ||
| 773 | 0 |
_tCiência e Tecnologia de Alimentos (Brazil) _xISSN 1678-457X _g(Oct-Dec 2013), v. 33(4) p. 676-684 _wBR2015002218 |
|
| 856 | 4 | 0 | _uhttp://www.scielo.br/pdf/cta/v33n4/v33n4a12.pdf |
| 909 |
_a202311 _bLúcia _c55 _dLúcia Elande |
||
| 942 |
_2AGRIS _n0 _cANA |
||
| 999 |
_c243297 _d243297 |
||